000 01351cam a22003854i 4500
003 PE-LiUPU
005 20250731175625.0
008 150623s1999 txu r 000 0 eng d
020 _a1556710887
035 _a(Sirsi) i9781556710889
040 _aPE-LiUPU
_bspa
_cPE-LiUPU
_erda
049 _aPRUA
082 0 4 _a492.415
_bD85
_221
100 1 _aDobson, John H.,
_eautor.
245 1 0 _aLearn Biblical Hebrew /
_cJohn H. Dobson.
264 1 _aDallas, TX :
_bInternational Academic Bookstore,
_c1999.
300 _a310 páginas ;
_c28 centímetros
336 _atext
_2rdacontent
337 _aunmediated
_2rdamedia
338 _avolume
_2rdacarrier
505 0 _aLearn Biblical Hebrew.
526 _aP145
526 _aP127
526 _aP97
526 _aP35
526 _aP14
526 _aP07
650 0 4 _aHebreo bíblico
_xGramática.
942 _2ddc
_cBOOK
949 _a492.415 D85
_wDEWEY
_c1
_i48622
_d2016-7-26
_e2016-7-20
_lCCODEBUL1
_mBUL
_n3
_r0
_sY
_tBOOK
_u2015-6-24
_xTEOLOGIA
_PP35
_0COMPRA
_o.STAFF. Colección General
994 _aC0
_bPEPRU
596 _a1
999 _a492.415 D85
_wDEWEY
_c27791
_i48622
_d27791
_e2016-7-20
_f2021-11-11
_g5
_lCCODEBUL1
_mBUL
_n3
_p18.28
_q1
_r0
_sY
_tBOOK
_u2015-6-24
_xTEOLOGIA
_PP35
_0COMPRA
_o.STAFF. Colección Teología
980 _81
_gALBERTO SANCHEZ Responsable de Automatización